[Event "Guernsey op 46th"]
[Site "St James"]
[Date "2022.10.18"]
[Round "3"]
[White "Hall, Alan"]
[Black "Gunn, Michael J"]
[Result "1-0"]
[WhiteElo "1723"]
[BlackElo "1596"]
[PlyCount "115"]
[EventDate "2022.10.16"]
[EventType "swiss"]
[EventRounds "7"]
[EventCountry "GCI"]
[SourceTitle "EXT 2024"]
[Source "ChessBase"]
[SourceDate "2023.10.10"]
[SourceVersion "1"]
[SourceVersionDate "2023.10.10"]
[SourceQuality "1"]

1. d4 Nf6 2. Nf3 b6 3. e3 Bb7 4. Bd3 g6 5. Nbd2 d5 6. 0-0 Bg7 7. c4 e6 8. b3 0-0 9. Ba3 Re8 10. Rc1 Ne4 11. Qc2 Nxd2 12. Nxd2 Ba6 13. b4 dxc4 14. Bxc4 Bxc4 15. Qxc4 c6 16. Rfd1 Qd5 17. Nf3 Qxc4 18. Rxc4 a5 19. bxa5 Rxa5 20. Rd3 Rb5 21. Rb3 Rxb3 22. axb3 Rd8 23. Kf1 Rd5 24. Ke2 Bf8 25. Bxf8 Kxf8 26. Ne5 b5 27. Rc2 Rd6 28. Ra2 f6 29. Ra8 fxe5 30. Rxb8+ Ke7 31. dxe5 Rd5 32. Rb7+ Ke8 33. Rxh7 Rxe5 34. f4 Rc5 35. Rg7 Rc2+ 36. Kf3 Rb2 37. Rc7 Rxb3 38. Rxc6 Ke7 39. g4 Rb1 40. Rb6 b4 41. Ke4 b3 42. Ke5 b2 43. e4 Rg1 44. Rxb2 Rxg4 45. Rb6 Rh4 46. Rxe6+ Kf7 47. Rf6+ Kg7 48. Ke6 Rxh2 49. e5 Ra2 50. Rf7+ Kg8 51. Kf6 Ra6+ 52. e6 g5 53. Rg7+ Kh8 54. Rxg5 Kh7 55. Kf7 Ra7+ 56. e7 Kh6 57. Kf8 Ra8+ 58. e8Q 1-0

[Event "Guernsey Holiday op 44th"]
[Site "Vale"]
[Date "2018.10.27"]
[Round "7"]
[White "Nalichowski, Bogdan"]
[Black "Hall, Alan"]
[Result "0-1"]
[WhiteElo "1378"]
[BlackElo "1731"]
[PlyCount "92"]
[EventDate "2018.10.21"]
[EventType "swiss"]
[EventRounds "7"]
[EventCountry "GCI"]
[SourceTitle "EXT 2021"]
[Source "ChessBase"]
[SourceDate "2020.10.23"]
[SourceVersion "1"]
[SourceVersionDate "2020.10.23"]
[SourceQuality "1"]

1. e4 e5 2. Nc3 Nc6 3. Bc4 Nf6 4. Nf3 Bc5 5. 0-0 d6 6. h3 a6 7. a3 0-0 8. d3 h6 9. Ne2 Qe7 10. c3 Ba7 11. Ng3 Be6 12. Nh4 Bxc4 13. Nhf5 Qe6 14. dxc4 Ne7 15. Nxe7+ Qxe7 16. Nf5 Qe6 17. Bxh6 gxh6 18. Nxh6+ Kh8 19. Qf3 Nh7 20. Nf5 Rg8 21. b4 Rg5 22. c5 dxc5 23. c4 Nf6 24. g4 Qxc4 25. Nh6 Rg6 26. g5 Qxe4 27. Qxe4 Nxe4 28. Nxf7+ Kg7 29. Nxe5 Rxg5+ 30. Ng4 cxb4 31. axb4 Rf8 32. Ra2 Nf6 33. Kh1 Nxg4 34. f4 Rh5 35. Ra3 Ne3 36. Rg1+ Kh7 37. Rg3 Rg8 38. Rgxe3 Bxe3 39. Rxe3 Rb5 40. Rf3 Rf8 41. f5 Rxb4 42. Kh2 a5 43. Kg3 Rg8+ 44. Kh2 Rb2+ 45. Kh1 Rbg2 46. h4 R2g4 0-1

[Event "GBR-ch U2050 op 104th"]
[Site "Llandudno"]
[Date "2017.08.01"]
[Round "2"]
[White "Saravanan, Aadarsh"]
[Black "Hall, Alan"]
[Result "1/2-1/2"]
[WhiteElo "1630"]
[BlackElo "1833"]
[PlyCount "91"]
[EventDate "2017.07.31"]
[EventType "swiss"]
[EventRounds "5"]
[EventCountry "WLS"]
[SourceTitle "EXT 2019"]
[Source "ChessBase"]
[SourceDate "2018.10.10"]
[SourceVersion "1"]
[SourceVersionDate "2018.10.10"]
[SourceQuality "1"]

1. d4 Nf6 2. c4 e5 3. dxe5 Ng4 4. Nf3 Nc6 5. e3 Ngxe5 6. Nxe5 Nxe5 7. Be2 Bb4+ 8. Bd2 Bxd2+ 9. Qxd2 d6 10. Nc3 Be6 11. b3 0-0 12. 0-0 Qd7 13. Nd5 f5 14. Qb4 b6 15. h3 Rae8 16. Rfd1 g5 17. Bh5 Ng6 18. Qc3 Qf7 19. Rd4 c6 20. Nxb6 axb6 21. Rxd6 Qc7 22. Rad1 Re7 23. Bf3 Bd7 24. Qd4 Rff7 25. c5 b5 26. a4 bxa4 27. bxa4 Ne5 28. Bh5 Rg7 29. a5 Qxa5 30. Ra1 Qd8 31. f4 gxf4 32. exf4 Nf7 33. Bxf7+ Rgxf7 34. Rxc6 Qe8 35. Rca6 Bc6 36. Qd6 Re6 37. Qd3 Rg7 38. R6a2 Re1+ 39. Rxe1 Qxe1+ 40. Kh2 h5 41. Re2 Qc1 42. Qd8+ Kh7 43. Qd6 Qf1 44. Qd2 h4 45. Rf2 Qc4 46. Qe3 1/2-1/2

[Event "Douglas IoM Major op"]
[Site "Douglas"]
[Date "2016.10.09"]
[Round "7"]
[White "Hall, Alan"]
[Black "Gostelow, David W"]
[Result "1/2-1/2"]
[WhiteElo "1753"]
[BlackElo "1970"]
[PlyCount "108"]
[EventDate "2016.10.03"]
[EventType "swiss"]
[EventRounds "7"]
[EventCountry "IOM"]
[SourceTitle "EXT 2019"]
[Source "ChessBase"]
[SourceDate "2018.10.10"]
[SourceVersion "1"]
[SourceVersionDate "2018.10.10"]
[SourceQuality "1"]

1. d4 d5 2. Bf4 Nf6 3. e3 c5 4. c3 Nc6 5. Nf3 Qb6 6. Qb3 c4 7. Qc2 Bf5 8. Qc1 e6 9. Be2 h6 10. h3 Qd8 11. Nbd2 Bd6 12. Bxd6 Qxd6 13. 0-0 0-0 14. Re1 b5 15. Bd1 Rab8 16. Bc2 Ne4 17. Nh4 Rfe8 18. Nxf5 exf5 19. f3 Ng3 20. Nf1 Nxf1 21. Kxf1 Qf6 22. Qd2 Re7 23. Re2 Rbe8 24. Rae1 Qg5 25. Qc1 g6 26. Qd2 a5 27. Kf2 h5 28. Kg1 Kg7 29. Kf2 Qh4+ 30. Kg1 Qg5 31. Kf2 Qf6 32. Kg1 Qh4 33. Kh2 f4 34. exf4 Rxe2 35. Rxe2 Rxe2 36. Qxe2 Qxf4+ 37. g3 Qc1 38. Bd1 h4 39. gxh4 Qf4+ 40. Kg2 Qxh4 41. Qe3 Qf6 42. f4 Qe6 43. Kf2 Ne7 44. Bf3 Qxe3+ 45. Kxe3 Kf6 46. Bg4 Nf5+ 47. Ke2 Ng3+ 48. Ke3 Ke7 49. Kf3 Ne4 50. Ke3 f5 51. Bf3 b4 52. cxb4 axb4 53. Bd1 Kd6 54. Ba4 Ke6 1/2-1/2